Kuala Lumpur MRT Kajang Line Stations - Statistics

General Stats
  • This quiz has been taken 30 times
  • The average score is 18 of 31
Answer Stats
Station Code Station Name % Correct
KG18A Bukit Bintang (Pavilion Kuala Lumpur)
94%
KG35 Kajang
94%
KG20 Tun Razak Exchange (TRX)
94%
KG15 Muzium Negara
88%
KG04 Kwasa Damansara
81%
KG17 Merdeka
81%
KG16 Pasar Seni
81%
KG09 Bandar Utama
75%
KG21 Cochrane
75%
KG14 Semantan
69%
KG10 Taman Tun Dr Ismail (Deloitte)
69%
KG06 Kota Damansara (Thomson Hospital)
63%
KG05 Kwasa Sentral
63%
KG12 Phileo Damansara
63%
KG22 Maluri (AEON)
56%
KG08 Mutiara Damansara
56%
KG34 Stadium Kajang
56%
KG07 Surian (IOI Mall Damansara)
56%
KG26 Taman Connaught
56%
KG24 Taman Midah
50%
KG30 Batu 11 Cheras
44%
KG13 Pusat Bandar Damansara (Pavilion Damansara Heights)
44%
KG33 Sungai Jernih
44%
KG27 Taman Suntex
44%
KG29 Bandar Tun Hussein Onn
38%
KG28 Sri Raya
38%
KG25 Taman Mutiara
38%
KG23 Taman Pertama
38%
KG31 Bukit Dukung
31%
KG12A Bukit Kiara Selatan
31%
KG05A Teknologi
31%
No matching quizzes found
Score Distribution
Percent of People with Each Score
Percentile by Number Answered
Your Score History
You have not taken this quiz